000 00636cam a22002293a 4500
001 24173
003 PGUSA
005 20140828083521.0
008 080105s2008||||xxu|||||s|||||000 1 eng d
040 _aPGUSA
_beng
042 _adc
050 4 _aPT
100 1 _aZweig, Stefan,
_d1881-1942
245 1 0 _aBrennendes Geheimnis :
_bErzählung
_h[electronic resource] /
_cStefan Zweig
260 _bProject Gutenberg,
_c2008
506 _aPublic domain in the USA.
516 _aElectronic text
653 _aAustria -- Fiction
830 0 _aProject Gutenberg
_v24173
856 4 0 _uhttp://www.gutenberg.org/ebooks/24173
942 _cEB
999 _c253428
_d253428